Valuation and the environment : theory, method and practice

Αποθηκεύτηκε σε:
Λεπτομέρειες βιβλιογραφικής εγγραφής
Άλλοι συγγραφείς: O'Connor, Martin 1958- (Επιμελητής έκδοσης), Spash, Clive L. (Επιμελητής έκδοσης)
Μορφή: Βιβλίο
Γλώσσα:English
Δημοσίευση: Cheltenham : Edward Elgar, c1999
Σειρά:Advances in ecological economics
Θέματα:
Ετικέτες: Προσθήκη ετικέτας
Δεν υπάρχουν, Καταχωρήστε ετικέτα πρώτοι!

MARC

LEADER 00000nam a2200000 i 4500
001 1/92464
008 991115s1999 eng d
020 |a 1-85898-538-2 
035 |l 10054059 
040 |a GR-MY-UA  |b    |e aacr 
041 0 |a eng 
082 0 |a 363.705 
245 1 0 |a Valuation and the environment :  |b theory, method and practice 
260 |a Cheltenham :   |b Edward Elgar,   |c c1999 
300 |a 339 p. 
490 1 |a Advances in ecological economics 
504 |a Includes bibliographical references 
650 0 0 |a Environmental policy  |x Evaluation. 
650 0 0 |a Environmental economics. 
700 1 |a O'Connor, Martin  |d 1958-  |4 edt 
700 1 |a Spash, Clive L.  |4 edt 
830 0 |a Advances in ecological economics 
852 |a INST  |b LESVOS  |e 19991115  |h 363.705 VAL  |p 005100022630  |q 005100022630  |t BK  |y 0 
901 |a BIBL1-1999-3 
909 |a Λ  |b 066787 
922 |a 1ΕΛΗ  |b 199907  |c ΚΠΣ/ΤΠ  |d ΠΑΠΑΣΩΤΗΡΙΟΥ 
950 |a 107-1998-04-06 
970 |a ΤΖΑΦΕΡΗ  |b ΕΥΑΓΓΕΛΙΑ  |z 1999/12/03